000 00554nam a2200193Ia 4500
005 20250508150356.0
008 008 250505s9999 xx 000 0 eng d
037 _aTextual
040 _aFEDL
_beng
_cFEDL
041 _aeng
_2eng
084 _a371.422, KOO
_qFEDL
100 _aKoos Leonard V
_9756531
245 0 _aGuidance in secondary schools
260 _aNew York, USA
_bThe Macmillan Company
_c1947
300 _axi,640p
700 _a Kefauver Grayson N
_9756532
942 _cTEXL
_h371.422, KOO
999 _c1323286
_d1323286